Music Quiz

Random Music Quiz

The Beach Boys - Surf's Up Lyrics Quiz Stats

 Plays Quiz not verified by Sporcle

Also try: Boy Band Members
Challenge
Share
Tweet
Embed
Score 0/284 Timer 11:00
0 Plays Today
% Correct
The
99.1%
the
99.1%
the
99.1%
The
99.1%
the
99.1%
the
99.1%
the
99.1%
the
99.1%
The
99.1%
The
99.1%
the
99.1%
the
99.1%
the
99.1%
the
99.1%
the
99.1%
The
99.1%
The
99.1%
the
99.1%
The
99.1%
the
99.1%
the
99.1%
The
99.1%
the
99.1%
the
99.1%
the
99.1%
the
99.1%
the
99.1%
the
99.1%
the
99.1%
the
99.1%
the
99.1%
the
99.1%
the
99.1%
the
99.1%
the
99.1%
a
97.4%
A
97.4%
a
97.4%
a
97.4%
a
97.4%
A
97.4%
a
97.4%
a
97.4%
A
97.4%
A
97.4%
A
97.4%
A
97.4%
To
94%
To
94%
To
94%
to
94%
I
94%
to
94%
I
94%
to
94%
to
94%
Up
93.2%
Surf's
92.3%
in
90.6%
and
90.6%
and
90.6%
in
90.6%
and
90.6%
in
90.6%
and
90.6%
and
90.6%
And
90.6%
you
88.9%
you
88.9%
you
88.9%
you
88.9%
you
88.9%
of
88%
of
88%
man
88%
of
88%
man
88%
of
88%
man
88%
man
88%
man
88%
is
85.5%
is
85.5%
is
85.5%
is
85.5%
is
85.5%
is
85.5%
diamond
83.8%
played
83.8%
played
83.8%
Are
82.1%
Are
82.1%
necklace
81.2%
wave
81.2%
Back
80.3%
% Correct
Child,
80.3%
child,
80.3%
child,
80.3%
child,
80.3%
child
80.3%
child
80.3%
Child,
80.3%
child,
80.3%
child,
80.3%
child,
80.3%
child
80.3%
child
80.3%
child
80.3%
Child,
80.3%
child,
80.3%
child,
80.3%
child,
80.3%
child
80.3%
Child,
80.3%
child,
80.3%
child,
80.3%
child,
80.3%
child
80.3%
Child,
80.3%
child,
80.3%
child,
80.3%
child,
80.3%
child
80.3%
child
80.3%
Child,
80.3%
child,
80.3%
child,
80.3%
child,
80.3%
child
80.3%
Hand
79.5%
hand
79.5%
song
79.5%
song
79.5%
song
79.5%
song
79.5%
tidal
78.6%
sleeping?
76.9%
sleeping,
76.9%
come
76.9%
Come
76.9%
father
76.9%
father
76.9%
father
76.9%
father
76.9%
pawn
76.1%
glass
76.1%
ruins
76.1%
ruins
76.1%
hard
76.1%
glass
76.1%
hard
76.1%
heard
76.1%
word
75.2%
thing
75.2%
children's
74.4%
children's
74.4%
all
73.5%
for
73.5%
children
73.5%
some
72.6%
too
72.6%
Wonderful
72.6%
see
71.8%
pit
71.8%
pendulum
71.8%
domino
71.8%
trumpeter
71.8%
domino
71.8%
town
70.9%
me
70.9%
me
70.9%
now
70.9%
town
70.9%
Aboard
70.9%
spring
70.9%
opera
70.1%
backdrop
70.1%
backdrop
70.1%
Brother
70.1%
hour
70.1%
moon
70.1%
baton
69.2%
brush
69.2%
Dim
69.2%
music
69.2%
music
69.2%
muted
69.2%
brush
69.2%
John?
69.2%
was
69.2%
% Correct
was
69.2%
dim
69.2%
cry
69.2%
gave
69.2%
handsome
68.4%
through
67.5%
lost
67.5%
Columnated
66.7%
Columnated
66.7%
or
66.7%
broken
66.7%
tough
66.7%
young
66.7%
aristocracy
65.8%
quicksilver
65.8%
die
65.8%
costly
65%
swan
65%
laughs
65%
Auld
65%
Lang
65%
blind
64.1%
Canvass
64.1%
Canvass
64.1%
class
63.2%
Dove
63.2%
Syne
63.2%
as
63.2%
along,
62.4%
raised,
62.4%
Beyond
62.4%
belief
62.4%
oh
61.5%
nested
61.5%
towers
61.5%
often
61.5%
they
61.5%
drummed
60.7%
velvet
60.7%
awaken
60.7%
wine,
60.7%
bow
59.8%
Strike
59.8%
chandelier
59%
toasting
59%
at
59%
hall
58.1%
last
58.1%
While
58.1%
grief
58.1%
heart
58.1%
overtaken
57.3%
dawn
57.3%
way
57.3%
Hung
56.4%
adieu
56.4%
about
56.4%
know
56.4%
across
55.6%
Their
55.6%
love
55.6%
tune
54.7%
street
53.8%
hardened
53.8%
Carriage
53%
Step
53%
join
53%
That's
53%
drawn
52.1%
dissolved
52.1%
port
52.1%
choke
52.1%
mannered
51.3%
fullness
50.4%
Two
47%
why
47%
why
47%
fog
45.3%
lamp
45.3%
Na
45.3%
na
45.3%
na
45.3%
na
45.3%
na
45.3%
na
45.3%
na
45.3%
na
45.3%
listened
44.4%
Have
43.6%
That's
42.7%
lights
41.9%
fired
41.7%
cellar
40.2%
roast
37.6%

You're not logged in!

Compare scores with friends on all Sporcle quizzes.
Join for Free
OR
Log In

You Might Also Like...

Show Comments

Extras

Created May 7, 2015ReportNominate
Tags:beach, Beach Boys, boy, surf

Top Quizzes Today


Score Distribution

Your Account Isn't Verified!

In order to create a playlist on Sporcle, you need to verify the email address you used during registration. Go to your Sporcle Settings to finish the process.

Report this User

Report this user for behavior that violates our Community Guidelines.

Details: